Statistiques concernant 2nd GM

Cliquez ici pour prendre le quiz!

Statistiques générales

  • Ce quiz a été pris 9 fois
  • Le résultat moyen est 1 sur 42

Statistiques - réponses

HintRéponse% Correct
japon envahit mandchourieannée1931
63%
invasion Polognejour mois année1 septembre 1939
50%
RU/FR déclarent guerrejour mois année3 septembre 1939
13%
Hiroshima (little boy, 70k) /nagasaki (fat boy 60k)jours mois année6/9 aout 1945
13%
H envahit frjour mois année10 mai 1940
0%
débarquement en Provencejour mois année15 aout 1944
0%
armistice signée par Pétainjour mois année22 juin 1940
0%
opération barbarossajour mois année22 juin 1941
0%
destitution Mussolini, Badoglio au pvjour mois année24 juillet 1943
0%
paris libéréjour mois année25 aout 1944
0%
ultimatum ricain au japonjour mois année26 juillet 1945
0%
Japon capitulejour mois année2 septembre 1945
0%
Berlin tombe + suicide Hjour mois année30 avril 1945
0%
opération Overlord en Normandiejour mois année6 juin 1944
0%
attaque Pearl Harborjour mois année7 décembre 1941
0%
capitulation Alljour mois année8 mai 1945
0%
USA en guerrejour mois année9 décembre 1941
0%
pacte non agression Russie/Allmois annéeaout 1939
0%
bataille aérienne d'angletteremois 2 annéeaout 1940 - octobre 1940
0%
charte atlantiquemois annéeaout 1941
0%
attaque du H sur Danemark/Norvègemois annéeavril 1940
0%
armées se rejoignent sur l'Elbemois annéeavril 1945
0%
conférence Yaltamois annéefévrier 1945
0%
bataille Stalingradmois 2 annéejuillet 1942 - février 1943
0%
débarquement Sicilemois annéejuillet 1943
0%
Potsdammois (2) annéejuillet - aout 1945
0%
Italie attaque FRmois annéejuin 1940
0%
bataille de Midwaymois annéejuin 1942
0%
opération Bagrationmois annéejuin 1944
0%
H envahit pays bas, belgique, luxembourgmois annéemai 1940
0%
invasion Tunisiemois annéemai 1943
0%
loi pret bail USAmois annéemars 1941
0%
bombardement Tokyo (100 000 morts)mois annéemars 1945
0%
opération Torch pour reprendre Algérie et Maroc à Vichymois annéenovembre 1942
0%
conférence Téhéranmois annéeNovembre 1943
0%
drole de guerremois 2 annéeoctobre 1939 - mai 1940
0%
assault grèce/yougoslavie par Italie puis Allmois annéeoctobre 1940
0%
victoire britannique à El alamein sur l'Afrika korpsmois(2) annéeoctobre - novembre 1942
0%
début conflit en Egypte, envoi de l'afrika korpsmois annéeseptembre 1940
0%
pacte tripartismemois annéeseptembre 1940
0%
blitz sur londresmois 2 annéeseptembre 1940 - octobre 1940
0%
Italie signe armistice, statut cobélligérant actifmois annéeseptembre 1943
0%

Distribution des résultats

Percentile par nombre de réponses

% des personnes avec chaque résultat

Votre développement - résultats

Vous n’avez pas pris ce quiz